| 000 | 01702cam a22004095a 4500 | ||
|---|---|---|---|
| 001 | 15637793 | ||
| 005 | 20240818093011.0 | ||
| 008 | 090225t2009 nyua fr 001 0 eng d | ||
| 010 | _a 2009007879 | ||
| 015 |
_aGBA922304 _2bnb |
||
| 016 | 7 |
_a014920433 _2Uk |
|
| 020 | _a9780071615457 (alk. paper) | ||
| 020 | _a0071615458 (alk. paper) | ||
| 035 | _a(OCoLC)ocn244060713 | ||
| 040 |
_aDLC _beng _cDLC _dYDX _dBTCTA _dBAKER _dYDXCP _dORX _dCUS _dVP@ _dUKM _dUBY _dDLC |
||
| 082 | 0 | 4 |
_a515.63076 _bLIP _222 |
| 100 | 1 |
_aLipschutz, Seymour. _92663 |
|
| 245 | 1 | 0 |
_aVector analysis and an introduction to tensor analysis / _cSeymour Lipschutz, Dennis Spellman, Murray R. Spiegel. |
| 246 | 3 | 3 | _aSchaum’s outlines of vector analysis and an introduction to tensor analysis |
| 250 | _a2nd ed. | ||
| 260 |
_aNew York : _bMcGraw-Hill, _cc.2009. |
||
| 300 |
_aviii, 238 p. : _bill. ; _c28 cm. |
||
| 490 | 0 | _aSchaum’s outline series | |
| 500 | _aIndex : p. 235-238. | ||
| 505 | 0 | _aVectors and scalars -- The dot and cross product -- Vector differentiation -- Gradient, divergence, curl -- Vector integration -- Divergence theorem, Stokes' theorem, and related integral theorems -- Curvilinear coordinates -- Tensor analysis. | |
| 650 | 7 |
_aVector analysis _vProblems, exercises, etc. _2BUEsh _941260 |
|
| 650 | 7 |
_aCalculus of tensors _vProblems, exercises, etc. _2BUEsh _941261 |
|
| 651 | _2BUEsh | ||
| 653 |
_bENGGEN _cSeptember2016 |
||
| 655 |
_vReading book _934232 |
||
| 700 | 1 |
_aSpiegel, Murray R. _92617 |
|
| 700 | 1 |
_aSpellman, Dennis, _d1945- _941262 |
|
| 942 |
_2ddc _hRDA-MOD |
||
| 999 |
_c22420 _d22392 |
||
| 336 |
_2rdacontent _atext _btxt |
||
| 337 |
_aunmediated _2rdamedia _bn |
||
| 338 |
_avolume _bnc _2rdacarrier |
||